Search the Library Catalogue
| 000 -LEADER | |
|---|---|
| fixed length control field | 01269nam a2200169Ia 4500 |
| 008 - FIXED-LENGTH DATA ELEMENTS--GENERAL INFORMATION | |
| fixed length control field | 250721s9999 xx 000 0 und d |
| 020 ## - INTERNATIONAL STANDARD BOOK NUMBER | |
| ISBN | 9780300103731 |
| 082 ## - DEWEY DECIMAL CLASSIFICATION NUMBER | |
| Classification number | 940.535125 |
| Item number | SNO |
| 100 ## - MAIN ENTRY--AUTHOR NAME | |
| Personal name | Snow, Philip |
| 245 #4 - TITLE STATEMENT | |
| Title | The Fall of Hong Kong |
| 260 ## - PUBLICATION, DISTRIBUTION, ETC. (IMPRINT) | |
| Name of publisher | Yale University Press |
| Year of publication | 2003 |
| 300 ## - PHYSICAL DESCRIPTION | |
| Number of Pages | 530 pages |
| 500 ## - GENERAL NOTE | |
| General note | The definitive account of the wartime history of Hong Kong On Christmas Day 1941 the Japanese captured Hong Kong, and Britain lost control of its Chinese colony for almost four years, a turning point in the process by which the British were to be expelled from the colony and from East Asia. This book unravels for the first time the dramatic story of the Japanese occupation and reinterprets the subsequent evolution of Hong Kong. "Magnificent. . . . The clarity of mind Snow brings to his labor of storytelling and contextualizing is] amazing."--John Lanchester, Daily Telegraph "Beautifully written, with many telling anecdotes."--Lawrence D. Freedman, Foreign Affairs "Very good. . . . Provides] a much more nuanced picture than has appeared before in English of life among Hong Kong's different communities before and during the Japanese occupation."--Economist |
| 650 ## - SUBJECT ADDED ENTRY--TOPICAL TERM | |
| Topical Term | History |
| 942 ## - ADDED ENTRY ELEMENTS (KOHA) | |
| Koha item type | English Books |
| Withdrawn status | Lost status | Damaged status | Not for loan | Home library | Current library | Shelving location | Date acquired | Full call number | Accession Number | Price effective from | Koha item type |
|---|---|---|---|---|---|---|---|---|---|---|---|
| Anna Centenary Library | Anna Centenary Library | 7TH FLOOR, B WING | 21.07.2025 | 940.535125 SNO | 123504 | 21.07.2025 | English Books |